000 00793nam a2200217Ii 4500
003 JO-AjNU
008 230605s9999||||xx |||||||||||||| ||und||
017 _a2010/5/1832
040 _aJO-AjNU
_bara
_erda
_cJO-AjNU
041 _aara
050 1 4 _aBP173.75.I776 2011
100 3 _aإرشيد، محمود عبد الكريم,
_eauthor
_930642
245 0 0 _aالنظريات الإقتصادية المؤثرة في النشاط الإقتصادي وضوابطها في السوق الإسلامي
250 _aط1
264 3 1 _aعمان: دار النفائس للنشر والتوزيع،2011
300 _a360ص
336 _atext
_btxt
_2rdacontent
337 _aunmediated
_bn
_2rdamedia
338 _avolume
_bnc
_2rdacarrier
650 4 _aالاسلام والاقتصاد
_930643
999 _aA12170
_c15738
_d15738